| 000 | 00000nam##2200000za#4500 |
| 001 | 9.578101 |
| 003 | CaOODSP |
| 005 | 20210624185928 |
| 007 | cr ||||||||||| |
| 008 | 150406|1984||||xxc|||||o f|0| 0 eng|d |
| 022 | |a1488-5379 |
| 040 | |aCaOODSP|beng |
| 043 | |an-cn--- |
| 086 | 1 |aFs97-6/1309E-PDF |
| 110 | 1 |aCanada. |bDepartment of Fisheries and Oceans. |
| 245 | 10|aSome useful conversions in relating historical and future catch statistics of soft-shell clams (Mya arenaria) in the Scotia-Fundy Region / |h[electronic resource]|cby C.M. Hawkins and T.W. Rowell. |
| 260 | |aHalifax - Nova Scotia : |bFisheries and Oceans Canada |c1984. |
| 300 | |a20p.|bfigs., references, tables |
| 490 | 1 |aCanadian technical report of fisheries and aquatic sciences|x1488-5379|vNo. 1309 |
| 500 | |aOn t.p.: Fisheries Research Branch, Scotia-Fundy Region, Halifax, Nova Scotia. The catalogue number and ISSN for the print edition appear in the PDF version. |
| 546 | |a(Résumé en français) |
| 590 | |a13-28-Supp|b2013-12-09 |
| 720 | 1 |aHawkins, C. M. |
| 720 | 1 |aRowell, T. W. |
| 830 | #0|aCanadian technical report of fisheries and aquatic sciences,|x1488-5379|vNo. 1309|w(CaOODSP)9.504449 |
| 856 | 40|ahttp://publications.gc.ca|qPDF|s1716 KB|uhttps://publications.gc.ca/collections/collection_2013/mpo-dfo/Fs97-6-1309-eng.pdf|yNo. 1309 |